<?xml version="1.0" encoding="UTF-8"?>
<record
    xmlns:xsi="http://www.w3.org/2001/XMLSchema-instance"
    xsi:schemaLocation="http://www.loc.gov/MARC21/slim http://www.loc.gov/standards/marcxml/schema/MARC21slim.xsd"
    xmlns="http://www.loc.gov/MARC21/slim">

  <leader>00728nam a22002177a 4500</leader>
  <controlfield tag="003">OSt</controlfield>
  <controlfield tag="005">20220915175856.0</controlfield>
  <controlfield tag="008">220915b        |||||||| |||| 00| 0 eng d</controlfield>
  <datafield tag="020" ind1=" " ind2=" ">
    <subfield code="a">980-07-4558-0</subfield>
  </datafield>
  <datafield tag="040" ind1=" " ind2=" ">
    <subfield code="c">Biblioteca Lado V</subfield>
  </datafield>
  <datafield tag="082" ind1=" " ind2=" ">
    <subfield code="a">700.9 </subfield>
    <subfield code="b">P538c</subfield>
  </datafield>
  <datafield tag="100" ind1=" " ind2=" ">
    <subfield code="a">Phelps de Cisneros, Patricia </subfield>
  </datafield>
  <datafield tag="245" ind1=" " ind2=" ">
    <subfield code="a">Coleccionar en America Latina/</subfield>
  </datafield>
  <datafield tag="260" ind1=" " ind2=" ">
    <subfield code="a">Madrid</subfield>
    <subfield code="b">Editorial Arte</subfield>
  </datafield>
  <datafield tag="300" ind1=" " ind2=" ">
    <subfield code="a">53p.</subfield>
    <subfield code="c">22.5x25.5cm</subfield>
  </datafield>
  <datafield tag="650" ind1=" " ind2=" ">
    <subfield code="2">Tesauro de Arte &amp; Arquitectura</subfield>
    <subfield code="a">COLECCION DE ARTE</subfield>
  </datafield>
  <datafield tag="650" ind1=" " ind2=" ">
    <subfield code="2">Tesauro de Arte &amp; Arquitectura</subfield>
    <subfield code="a">ARTE AMERICA LATINA</subfield>
  </datafield>
  <datafield tag="650" ind1=" " ind2=" ">
    <subfield code="2">Tesauro de Arte &amp; Arquitectura</subfield>
    <subfield code="a">CONFERENCIA</subfield>
  </datafield>
  <datafield tag="650" ind1=" " ind2=" ">
    <subfield code="2">Tesauro de Arte &amp; Arquitectura</subfield>
    <subfield code="a">TEORIA </subfield>
  </datafield>
  <datafield tag="942" ind1=" " ind2=" ">
    <subfield code="2">ddc</subfield>
    <subfield code="c">1</subfield>
    <subfield code="h">700.9</subfield>
    <subfield code="i">P538c</subfield>
    <subfield code="n">0</subfield>
  </datafield>
  <datafield tag="999" ind1=" " ind2=" ">
    <subfield code="c">2041</subfield>
    <subfield code="d">2041</subfield>
  </datafield>
  <datafield tag="952" ind1=" " ind2=" ">
    <subfield code="0">0</subfield>
    <subfield code="1">0</subfield>
    <subfield code="2">ddc</subfield>
    <subfield code="4">0</subfield>
    <subfield code="7">0</subfield>
    <subfield code="a">LV</subfield>
    <subfield code="b">LV</subfield>
    <subfield code="d">2022-09-15</subfield>
    <subfield code="i">001340</subfield>
    <subfield code="l">0</subfield>
    <subfield code="o">700.9 P538c</subfield>
    <subfield code="p">001340</subfield>
    <subfield code="r">2022-09-15 00:00:00</subfield>
    <subfield code="w">2022-09-15</subfield>
    <subfield code="y">1</subfield>
  </datafield>
</record>
